000 01351nam a22003857a 4500
003 CHAP
005 20220817041456.0
008 971013s1979 r 00010 d
010 _a15566
011 _a16538
035 _a20618
040 _cCHAP
090 _aFolleto 9785
100 0 0 _aGrove, Thurman L.
_eed.
_950835
245 _aNitrogen fertility in oxisols and ultisols of the humid tropics
260 _aIthaca :
_bNew York College of Agriculture and Life Sciences,
_c1979
300 _a28 p.
_b; gráfs
490 _aCornell International Agriculture Bulletin
_v; 36
590 _aBATCH-UPD
_b10
_c20130110
_lUCH01
_h0041
590 _aBATCH-UPD
_b10
_c20130110
_lUCH01
_h1529
590 _aBATCH-UPD
_b10
_c20130409
_lUCH01
_h2027
590 _aBATCH-UPD
_b10
_c20130410
_lUCH01
_h0937
590 _aBATCH-UPD
_b10
_c20130914
_lUCH01
_h1553
590 _aCONVERSION
_b10
_c20130109
_lUCH01
_h1310
650 1 4 _aSuelos
_xAcidez.
_9110192
650 1 4 _aSuelos
_xFertilidad.
_9110367
650 1 4 _aSuelos
_xNitrógeno en.
_9110451
650 1 4 _aSuelos
_xTrópicos.
_9110505
830 0 _aCornell International Agriculture Bulletin
_v; 36
901 _aBK
942 _cFOLL
949 _aFolleto 9785
_bBC
_cFOLL
_d-48143
_eTS2
_fc.3
_i20618
_mD
_si
949 _bBC
_cFOLL
_d-48141
_eTS1
_i20618
_mD
_si
949 _bBC
_cFOLL
_d-48142
_eTS2
_fc.2
_i20618
_mD
_si
999 _c15566
_d15566